Normal view
MARC view
- Arte colombiano
Entry Materia
001 - NÚMERO DE CONTROL DEL REGISTRO
- campo de control: 59159
003 - IDENTIFICADOR DE NUMERO DE CONTROL
- campo de control: MX-MxUPN
005 - FECHA Y HORA DE LA ÚLTIMA TRANSACCIÓN
- campo de control: 20260324104924.0
008 - DATOS DE LONGITUD FIJA
- campo de control de longitud fija: 260324n||acnnnbabn | a|a |d
040 ## - FUENTE DE LA CATALOGACIÓN
- Centro catalogador de origen: MX-MxUPN
- Lengua de catalogación: spa
150 ## - ENCABEZAMIENTO - TEMÁTICO
- Término de materia o nombre geográfico como elemento inicial: Arte colombiano
550 ## - VÉASE ADEMÁS - MATERIA
- Encabezamiento temático o nombre geográfico como elemento de entrada: Arte
- Subcampo de control: g
670 ## - FUENTE EN LA QUE SE LOCALIZARON DATOS
- Cita de la fuente: Autoridades BGTQ. 24-03-26
- Información localizada: (Arte colombiano)
670 ## - FUENTE EN LA QUE SE LOCALIZARON DATOS
- Cita de la fuente: Autoridades LC, 24 marzo 2026 :
- Información localizada: (Art, Colombian)
- Identificador Uniforme del Recurso: https://lccn.loc.gov/sh85007615
902 ## - CATALOGADOR
- Catalogador: JohanaAllegre/240326
